1703 1396 1097 1863 1765 1398 1370 1519 1618 1478 1198 1850 1466 1509 1131 1597 1419 1629 1443 1616 1526 1279 1900 1727 1543 1152 1814 1803 1661 1581 1851 1626 1171 1788 1747 1824 1417 1168 1901 1835 1099 1185 1989 1192 1299 1441 1953 1420 1321 1739 1610 1340 1665 1344 1403 1009 1164 1416 1181 1802 1382 1630 1309 1458 1257 1699 1758 1895 1547 1989 1417 1452 1191 1734 1476 1854 1778 1192 1534 1719 1847 1660 1457 1027 1793 1955 1012 1791 1275 1578 1059 1610 1916 1925 1452 1242 1061 1903 1456 BCNSPRNW ULIB Ver.6.0+V

เปลี่ยนเป็นภาษาไทย

Change to English
 แสดงรายละเอียดบรรณานุกรม
  กลับหน้าหลัก

Brief Record : Get Marc (ISO 2709) : E-mail record : QR code < ปิดหน้าต่าง
LEADER : 00000nam 2200000uu 4500
001    13399111571
003     ULIB
008    110701s||||||||th 000 0 tha d
020    9789743423406
050  4 BQ4570^bว111ธ 2551
100 0  ว.วชิรเมธี
245 10 ธรรมะพารวย /^cว.วชิรเมธี
250    พิมพ์ครั้งที่ 1
260    กรุงเทพฯ :^bอมรินทร์ธรรมะ,^c2551
300     195 หน้า :^bภาพประกอบ ;^c16 ซม.
440  0 ธรรมะประยุกต์สำหรับคนรุ่นใหม่ ;^vลำดับที่ 12
650  7 ธรรมะ (พุทธศาสนา)
945    ^p175^l0^i025222
995    ทศพร
999 ^a ใช้งานได้ทุกระบบ
รายการนี้ยังไม่มีแท็ก
คุณยังไม่ได้ล็อกอิน คุณสามารถมีกิจกรรมร่วมกับเว็บไซต์ได้ แต่ต้องล็อกอินก่อน ::
  ล็อกอิน

รายการสื่อสารสนเทศ

ลำดับที่ ประเภท เลขเรียก/บาร์โค้ด สถานที่ สถานะ
- ไม่พบข้อมูล -

รายการใกล้เคียง
    ผู้แต่ง [ว.วชิรเมธี]

    หัวเรื่อง [ธรรมะ (พุทธศาสนา)]

BibComment


ยังไม่เคยถูกคอมเมนท์

คอมเมนท์ทรัพยากรรายการนี้
  คอมเมนท์: ธรรมะพารวย ววชิร..


 Copyright 2026. Bcnsprnw @Library